All French Territories - Statistics

General Stats
  • This quiz has been taken 127 times
  • The average score is 9 of 12
Answer Stats
Status Location Population Territory % Correct
Regions S. America 83,534 French Guiana
99%
Regions Caribbean 1,628 Guadeloupe
85%
Regions Caribbean 1,128 Martinique
85%
Overseas Collectivities Pacific 4,167 French Polynesia
84%
Regions Indian Ocean 2,511 Réunion
77%
Overseas Collectivities Caribbean 53 Saint Martin
73%
Autonomous Territory Pacific 18,576 New Caledonia
71%
Regions Indian Ocean 374 Mayotte
69%
Overseas Collectivities N. America 242 Saint Pierre and Miquelon
69%
Overseas Collectivities Caribbean 25 Saint Barthélemy
58%
Overseas Collectivities Pacific 142 Wallis and Futuna
52%
Unpop. Overseas Territories Pacific 2 Clipperton Island
28%
No matching quizzes found
Score Distribution
Percent of People with Each Score
Percentile by Number Answered
Your Score History
You have not taken this quiz